[Event "Mitropa Cup (Women) 10th"]
[Site "Meissen"]
[Date "2013.06.09"]
[Round "9.4"]
[White "Heinatz, Gundula"]
[Black "Osmanodja, Filiz"]
[Result "0-1"]
[WhiteElo "2197"]
[BlackElo "2255"]
[PlyCount "96"]
[EventDate "2013.06.01"]
[EventType "team-tourn"]
[EventRounds "9"]
[EventCountry "GER"]
[Source "ChessBase"]
[SourceDate "2013.06.25"]
[WhiteTeam "Switzerland (W)"]
[BlackTeam "Germany (W)"]
[WhiteTeamCountry "SUI"]
[BlackTeamCountry "GER"]

1. d4 Nf6 2. Nf3 e6 3. Bg5 c5 4. e3 b6 5. d5 h6 6. Bxf6 Qxf6 7. Nc3 d6 8. Bb5+
Bd7 9. dxe6 fxe6 10. O-O a6 11. Ne4 Qe7 12. Bxd7+ Nxd7 13. c4 Nf6 14. Nc3 g5
15. e4 g4 16. e5 Nd7 17. exd6 Qxd6 18. Nd2 O-O-O 19. Qe2 Ne5 20. Rad1 Rg8 21.
Rfe1 Bg7 22. Nde4 Qc7 23. Kh1 Rd4 24. b4 Rxd1 25. Rxd1 cxb4 26. Nd6+ Kb8 27.
Nce4 Ka7 28. Qc2 Qc6 29. Qb3 Bf8 30. c5 bxc5 31. Qxe6 Rg6 32. Qxe5 Bxd6 33.
Nxd6 a5 34. Nc4 Ka6 35. Kg1 Re6 36. Qf5 Qe4 37. Qxe6+ Qxe6 38. Rd6+ Qxd6 39.
Nxd6 a4 40. Ne4 Kb5 41. Kf1 b3 42. a3 Kc4 43. Ke2 b2 44. Nd2+ Kc3 45. f4 gxf3+
46. gxf3 c4 47. f4 Kd4 48. Nf3+ Kd5 0-1

[Event "Mitropa Cup (Women) 10th"]
[Site "Meissen"]
[Date "2013.06.09"]
[Round "9.4"]
[White "Klek, Hanna Marie"]
[Black "Seps, Monika"]
[Result "0-1"]
[WhiteElo "2287"]
[BlackElo "2244"]
[PlyCount "88"]
[EventDate "2013.06.01"]
[EventType "team-tourn"]
[EventRounds "9"]
[EventCountry "GER"]
[Source "ChessBase"]
[SourceDate "2013.06.25"]
[WhiteTeam "Germany (W)"]
[BlackTeam "Switzerland (W)"]
[WhiteTeamCountry "GER"]
[BlackTeamCountry "SUI"]

1. e4 c5 2. Nf3 Nc6 3. d4 cxd4 4. Nxd4 e5 5. Nb5 d6 6. N1c3 a6 7. Na3 Nf6 8.
Bg5 Be7 9. Nc4 O-O 10. Bxf6 Bxf6 11. a4 Be6 12. Be2 Nd4 13. O-O Bg5 14. a5 Rc8
15. Nb6 Rc5 16. Bd3 Nc6 17. Nca4 Rxa5 18. c3 g6 19. b4 Rxa4 20. Nxa4 f5 21. Qe2
b5 22. Nb2 Qb6 23. exf5 gxf5 24. Rad1 e4 25. Bc2 Ne5 26. Kh1 Bf6 27. Qd2 Nc4
28. Nxc4 Bxc4 29. Rfe1 d5 30. f3 Bg7 31. fxe4 fxe4 32. Bxe4 dxe4 33. Rxe4 Qf6
34. h3 Qxc3 35. Qd7 Qxb4 36. Rg4 Qc3 37. Qc7 Kh8 38. Qe7 Qf6 39. Qe4 Bf7 40.
Rg3 Bg6 41. Qb7 Qe6 42. Rc1 Qe4 43. Qxa6 Qf4 44. Qa3 b4 0-1

[Event "Mitropa Cup (Women) 10th"]
[Site "Meissen"]
[Date "2013.06.09"]
[Round "9.5"]
[White "Krivec, Jana"]
[Black "Varga, Klara"]
[Result "1-0"]
[WhiteElo "2244"]
[BlackElo "2204"]
[PlyCount "83"]
[EventDate "2013.06.01"]
[EventType "team-tourn"]
[EventRounds "9"]
[EventCountry "GER"]
[Source "ChessBase"]
[SourceDate "2013.06.25"]
[WhiteTeam "Slovenia (W)"]
[BlackTeam "Hungary (W)"]
[WhiteTeamCountry "SLO"]
[BlackTeamCountry "HUN"]

1. e4 e6 2. d4 d5 3. Nc3 Nc6 4. Nf3 Nf6 5. e5 Ne4 6. Ne2 f6 7. Ng3 Be7 8. c3 f5
9. Nh5 O-O 10. Nf4 g5 11. Nh5 Qe8 12. Nd2 Kh8 13. Nxe4 dxe4 14. g3 b6 15. h4 g4
16. Nf4 h5 17. Bc4 Qf7 18. b4 Re8 19. Bb5 Bd7 20. Qa4 a6 21. Bxc6 b5 22. Bxb5
axb5 23. Qb3 Kh7 24. O-O Bf8 25. Bd2 Bh6 26. c4 Red8 27. Rfc1 Bxf4 28. Bxf4 Ra4
29. d5 bxc4 30. Rxc4 exd5 31. Rxc7 Raa8 32. b5 Kg6 33. Rd1 Rac8 34. b6 Rxc7 35.
bxc7 Rc8 36. Rxd5 Kg7 37. Rd6 Be8 38. e6 Qe7 39. Qc3+ Kg8 40. Rb6 Kh7 41. Qe5
Bg6 42. Qd6 1-0

[Event "Mitropa Cup (Women) 10th"]
[Site "Meissen"]
[Date "2013.06.09"]
[Round "9.2"]
[White "Kiolbasa, Oliwia"]
[Black "Kochetkova, Julia"]
[Result "0-1"]
[WhiteElo "1913"]
[BlackElo "2348"]
[PlyCount "74"]
[EventDate "2013.06.01"]
[EventType "team-tourn"]
[EventRounds "9"]
[EventCountry "GER"]
[Source "ChessBase"]
[SourceDate "2013.06.25"]
[WhiteTeam "Poland (W)"]
[BlackTeam "Slovakia (W)"]
[WhiteTeamCountry "POL"]
[BlackTeamCountry "SVK"]

1. e4 c5 2. Nf3 e6 3. d4 cxd4 4. Nxd4 a6 5. Nc3 b5 6. Bd3 Qb6 7. Nb3 Qc7 8. O-O
Nf6 9. Qe2 d6 10. Bd2 Be7 11. f4 Nbd7 12. Rae1 e5 13. f5 Bb7 14. Qf3 b4 15. Nd5
Nxd5 16. exd5 Nf6 17. Be4 a5 18. Be3 Rc8 19. c3 a4 20. Nd2 bxc3 21. bxc3 Qxc3
22. Rc1 Qxc1 23. Rxc1 Rxc1+ 24. Kf2 O-O 25. g4 h6 26. g5 hxg5 27. Bxg5 Rfc8 28.
Bxf6 Bxf6 29. Qg4 Kf8 30. h4 Ke7 31. h5 R8c5 32. Qg2 Ra1 33. Ke3 Rc3+ 34. Bd3
Ba6 35. Nc4 Bxc4 36. Qb2 Rxd3+ 37. Kf2 Bh4+ 0-1

[Event "Mitropa Cup (Women) 10th"]
[Site "Meissen"]
[Date "2013.06.09"]
[Round "9.2"]
[White "Repkova, Eva"]
[Black "Wozniak, Mariola"]
[Result "1-0"]
[WhiteElo "2363"]
[BlackElo "1983"]
[PlyCount "87"]
[EventDate "2013.06.01"]
[EventType "team-tourn"]
[EventRounds "9"]
[EventCountry "GER"]
[Source "ChessBase"]
[SourceDate "2013.06.25"]
[WhiteTeam "Slovakia (W)"]
[BlackTeam "Poland (W)"]
[WhiteTeamCountry "SVK"]
[BlackTeamCountry "POL"]

1. e4 c5 2. Nf3 d6 3. d4 cxd4 4. Nxd4 Nf6 5. Nc3 a6 6. g3 e5 7. Nde2 Be7 8. Bg2
O-O 9. O-O Qc7 10. h3 b5 11. Be3 Bb7 12. g4 h6 13. Ng3 Rd8 14. Nf5 Bf8 15. h4
h5 16. gxh5 b4 17. Nd5 Bxd5 18. exd5 Nbd7 19. Bg5 Rdc8 20. Ne3 Ne8 21. Bh3 f6
22. Be6+ Kh8 23. Qg4 fxg5 24. hxg5 Nc5 25. Bxc8 Rxc8 26. f4 e4 27. f5 Qd7 28.
Rf2 Nc7 29. Raf1 Nb5 30. h6 gxh6 31. g6 Kg8 32. Qh5 Nd4 33. Ng4 Bg7 34. f6 Nf3+
35. Kh1 Qd8 36. fxg7 Qg5 37. Nxh6+ Kxg7 38. Nf5+ Kf6 39. Qh3 Rg8 40. Nxd6 Ke7
41. Nxe4 Nxe4 42. Qe6+ Kd8 43. Qxg8+ Kc7 44. Qh7+ 1-0

[Event "Mitropa Cup 32nd"]
[Site "Meissen"]
[Date "2013.06.01"]
[Round "1.4"]
[White "Repka, Christopher"]
[Black "Handler, Lukas"]
[Result "0-1"]
[WhiteElo "2358"]
[BlackElo "2398"]
[PlyCount "138"]
[EventDate "2013.06.01"]
[EventType "team-tourn"]
[EventRounds "9"]
[EventCountry "GER"]
[Source "ChessBase"]
[SourceDate "2013.06.25"]
[WhiteTeam "Slovakia"]
[BlackTeam "Austria"]
[WhiteTeamCountry "SVK"]
[BlackTeamCountry "AUT"]

1. d4 Nf6 2. Nf3 d5 3. Bf4 c5 4. e3 Nc6 5. Nc3 Bg4 6. Be2 e6 7. O-O Bxf3 8.
Bxf3 cxd4 9. exd4 Bd6 10. Ne2 Bxf4 11. Nxf4 Qb6 12. c4 Nxd4 13. cxd5 O-O 14.
Qd3 e5 15. Ne2 Nxf3+ 16. Qxf3 e4 17. Qf5 Qxb2 18. Nf4 Rad8 19. Rab1 Qxa2 20.
Rxb7 a5 21. Qg5 h6 22. Qg3 Qd2 23. h4 Rfe8 24. Ne6 Nh5 25. Qg4 Rxd5 26. Nc7 Nf6
27. Qg3 Rd3 28. Nxe8 Rxg3 29. Nxf6+ gxf6 30. fxg3 e3 31. Rbb1 e2 32. Rfe1 Qe3+
33. Kh2 Qf2 34. Ra1 a4 35. Rxe2 Qxe2 36. Rxa4 Kg7 37. Rf4 Kg6 38. Rf3 f5 39.
Rf4 Qe1 40. Rf3 Qb1 41. Rf4 Kh5 42. Rf3 Qe4 43. Kh3 Kg6 44. Kh2 Kf6 45. Rf4 Qe1
46. Rf3 Ke5 47. Rf4 Qe4 48. Rf2 Qg4 49. Rf1 Ke4 50. Ra1 Ke3 51. Ra3+ Kf2 52.
Ra2+ Qe2 53. Ra5 Qc2 54. Ra3 Qd1 55. Ra2+ Kf1 56. Ra5 Qb1 57. Ra4 h5 58. Rf4+
Ke1 59. Ra4 Qd1 60. Rf4 Qd5 61. Rb4 Qe4 62. Rb2 Kf1 63. Ra2 Qd4 64. Kh3 Qg1 65.
Ra1+ Kf2 66. Ra2+ Ke3 67. Ra3+ Ke4 68. Ra4+ Ke5 69. Rg4 fxg4# 0-1

[Event "Mitropa Cup 32nd"]
[Site "Meissen"]
[Date "2013.06.01"]
[Round "1.4"]
[White "Schachinger, Mario"]
[Black "Petenyi, Tamas"]
[Result "1/2-1/2"]
[WhiteElo "2412"]
[BlackElo "2466"]
[PlyCount "85"]
[EventDate "2013.06.01"]
[EventType "team-tourn"]
[EventRounds "9"]
[EventCountry "GER"]
[Source "ChessBase"]
[SourceDate "2013.06.25"]
[WhiteTeam "Austria"]
[BlackTeam "Slovakia"]
[WhiteTeamCountry "AUT"]
[BlackTeamCountry "SVK"]

1. d4 Nf6 2. c4 c5 3. d5 b5 4. cxb5 a6 5. bxa6 Bxa6 6. Nc3 d6 7. e4 Bxf1 8.
Kxf1 g6 9. g3 Bg7 10. Kg2 O-O 11. Qe2 Nbd7 12. Nf3 Qa5 13. Re1 Rab8 14. Nd2 Nb6
15. Nb3 Qb4 16. Bd2 Nc4 17. Nd1 Nxd2 18. Nxd2 Ne8 19. Nc4 Nc7 20. a3 Qa4 21. e5
Nxd5 22. Qe4 Nb6 23. Nxb6 Qxe4+ 24. Rxe4 Rxb6 25. exd6 exd6 26. Re2 Rfb8 27.
Ra2 Kf8 28. Ne3 Rxb2 29. Raxb2 Bxb2 30. Nc4 Bd4 31. Nxd6 Ra8 32. Nb5 Ra5 33.
Nxd4 cxd4 34. Rd2 Ra4 35. Kf3 Rxa3+ 36. Ke4 f5+ 37. Kxd4 Kf7 38. Ke5 Ra5+ 39.
Kf4 h6 40. Rd7+ Kf6 41. Rd6+ Kf7 42. h4 Ra4+ 43. Ke3 1/2-1/2

[Event "Mitropa Cup 32nd"]
[Site "Meissen"]
[Date "2013.06.01"]
[Round "1.4"]
[White "Shengelia, Davit"]
[Black "Michalik, Peter"]
[Result "0-1"]
[WhiteElo "2558"]
[BlackElo "2565"]
[PlyCount "78"]
[EventDate "2013.06.01"]
[EventType "team-tourn"]
[EventRounds "9"]
[EventCountry "GER"]
[Source "ChessBase"]
[SourceDate "2013.06.25"]
[WhiteTeam "Austria"]
[BlackTeam "Slovakia"]
[WhiteTeamCountry "AUT"]
[BlackTeamCountry "SVK"]

1. d4 d5 2. c4 c6 3. Nf3 Nf6 4. e3 Bg4 5. h3 Bh5 6. cxd5 Bxf3 7. Qxf3 cxd5 8.
Nc3 Nc6 9. Bd2 e6 10. Rc1 Bb4 11. Bd3 O-O 12. O-O Rc8 13. a3 Bd6 14. Rc2 Bb8
15. Rfc1 e5 16. Bf5 e4 17. Qd1 Rc7 18. Nb5 g6 19. Bg4 h5 20. Be2 Re7 21. Be1 a6
22. Nc3 h4 23. Na4 Qd6 24. g3 hxg3 25. fxg3 Rc7 26. Bf1 Ne7 27. g4 Rxc2 28.
Rxc2 Nh7 29. Bb4 Qf6 30. Nc5 Ng5 31. Bg2 Qd6 32. Nxb7 Qh2+ 33. Kf1 Nxh3 34.
Bxh3 Qxh3+ 35. Rg2 f5 36. Bxe7 Rf7 37. Qc1 Qh1+ 38. Rg1 fxg4+ 39. Ke2 Qh2+ 0-1

[Event "Mitropa Cup 32nd"]
[Site "Meissen"]
[Date "2013.06.01"]
[Round "1.1"]
[White "Borisek, Jure"]
[Black "Jankovic, Alojzije"]
[Result "1/2-1/2"]
[WhiteElo "2552"]
[BlackElo "2559"]
[PlyCount "114"]
[EventDate "2013.06.01"]
[EventType "team-tourn"]
[EventRounds "9"]
[EventCountry "GER"]
[Source "ChessBase"]
[SourceDate "2013.06.25"]
[WhiteTeam "Slovenia"]
[BlackTeam "Croatia"]
[WhiteTeamCountry "SLO"]
[BlackTeamCountry "CRO"]

1. e4 c5 2. Nf3 d6 3. Bb5+ Bd7 4. Bxd7+ Qxd7 5. c4 Nf6 6. Nc3 g6 7. d4 cxd4 8.
Nxd4 Bg7 9. f3 O-O 10. Be3 Nc6 11. O-O a6 12. a4 e6 13. Nxc6 Qxc6 14. Rc1 Qxc4
15. Nd5 Nxd5 16. Rxc4 Nxe3 17. Qd3 Nxf1 18. Kxf1 Bxb2 19. Qxd6 b5 20. Rc2 Rfd8
21. Qf4 Bg7 22. Rc7 Rf8 23. a5 b4 24. Rb7 Bc3 25. h4 h5 26. g4 hxg4 27. h5 gxh5
28. e5 Rad8 29. Qg5+ Kh7 30. Qxh5+ Kg7 31. Qxg4+ Kh8 32. f4 Rd5 33. Qh5+ Kg8
34. Rc7 Rxa5 35. Rc4 Ra1+ 36. Kf2 Ra2+ 37. Kf3 Ra3 38. Ke4 Ra1 39. Qg4+ Kh8 40.
Qh3+ Kg8 41. Qg2+ Kh8 42. f5 Rd8 43. Qh2+ Kg7 44. f6+ Kg6 45. Qg2+ Kh5 46. Qe2+
Kh6 47. Kf3 Rh1 48. Qg2 Rd3+ 49. Ke4 Rhh3 50. Qg7+ Kh5 51. Qxf7+ Kg5 52. Qg7+
Kh5 53. Qh7+ Kg5 54. Qg7+ Kh5 55. Qg1 Rdg3 56. Qxg3 Rxg3 57. f7 Rg4+ 1/2-1/2

[Event "Mitropa Cup 32nd"]
[Site "Meissen"]
[Date "2013.06.01"]
[Round "1.1"]
[White "Kuljasevic, Davorin"]
[Black "Skoberne, Jure"]
[Result "1/2-1/2"]
[WhiteElo "2574"]
[BlackElo "2558"]
[PlyCount "111"]
[EventDate "2013.06.01"]
[EventType "team-tourn"]
[EventRounds "9"]
[EventCountry "GER"]
[Source "ChessBase"]
[SourceDate "2013.06.25"]
[WhiteTeam "Croatia"]
[BlackTeam "Slovenia"]
[WhiteTeamCountry "CRO"]
[BlackTeamCountry "SLO"]

1. d4 g6 2. c4 Bg7 3. Nf3 d6 4. Nc3 Nf6 5. e4 O-O 6. Be2 e5 7. O-O exd4 8. Nxd4
Re8 9. f3 c6 10. Nc2 Na6 11. Be3 d5 12. exd5 cxd5 13. Bf2 dxc4 14. Bxc4 Nc7 15.
Nd4 a6 16. Qb3 Ne6 17. Rfd1 Qe7 18. Re1 Nxd4 19. Rxe7 Nxb3 20. Bxf7+ Kf8 21.
Rxe8+ Kxf7 22. Rxc8 Rxc8 23. axb3 Rd8 24. Rd1 Rxd1+ 25. Nxd1 Nd5 26. Be1 Nf4
27. Bc3 Nd3 28. Kf1 b5 29. Bxg7 Kxg7 30. Ke2 Nf4+ 31. Kf2 Kf6 32. g3 Nd3+ 33.
Ke3 Nc1 34. b4 Na2 35. Kd4 Nxb4 36. Nf2 Nc2+ 37. Kc5 Ne1 38. f4 Nf3 39. h3 Kf5
40. Kb6 h5 41. Kxa6 h4 42. gxh4 b4 43. Nd3 b3 44. Kb5 Ke4 45. Nc5+ Kxf4 46.
Nxb3 Ne5 47. Nd4 Nd3 48. b3 Nc1 49. b4 Nd3 50. Ne2+ Kf3 51. Nd4+ Kg3 52. Kc4
Nxb4 53. Kxb4 Kxh4 54. Ne6 Kxh3 55. Nf4+ Kg4 56. Nxg6 1/2-1/2

[Event "Mitropa Cup 32nd"]
[Site "Meissen"]
[Date "2013.06.01"]
[Round "1.1"]
[White "Markoja, Boris"]
[Black "Martinovic, Sasa"]
[Result "0-1"]
[WhiteElo "2148"]
[BlackElo "2527"]
[PlyCount "88"]
[EventDate "2013.06.01"]
[EventType "team-tourn"]
[EventRounds "9"]
[EventCountry "GER"]
[Source "ChessBase"]
[SourceDate "2013.06.25"]
[WhiteTeam "Slovenia"]
[BlackTeam "Croatia"]
[WhiteTeamCountry "SLO"]
[BlackTeamCountry "CRO"]

1. c4 e5 2. g3 Nc6 3. Bg2 g6 4. Nc3 Bg7 5. d3 d6 6. e4 f5 7. h4 h6 8. h5 g5 9.
exf5 Bxf5 10. Nd5 Nge7 11. Be3 O-O 12. Qd2 Nxd5 13. Bxd5+ Kh8 14. O-O-O a5 15.
Be4 a4 16. Ne2 Na5 17. Qc2 Qd7 18. Bxf5 Rxf5 19. Nc3 a3 20. b3 Nc6 21. Ne4 Raf8
22. Rd2 Rf3 23. Kb1 Nd4 24. Bxd4 exd4 25. Re2 c6 26. Rhe1 b6 27. Rf1 Qh3 28.
Rfe1 Qd7 29. Rf1 Qh3 30. Rfe1 d5 31. cxd5 cxd5 32. Nd6 Qxh5 33. Ne8 R3f7 34.
Nc7 Rc8 35. Re8+ Rxe8 36. Nxe8 Qf3 37. Nd6 Rf8 38. Re2 h5 39. Qd2 h4 40. gxh4
gxh4 41. Ne8 h3 42. Nxg7 h2 43. Qh6+ Kg8 44. Qe6+ Kh7 0-1

[Event "Mitropa Cup 32nd"]
[Site "Meissen"]
[Date "2013.06.01"]
[Round "1.1"]
[White "Saric, Ante"]
[Black "Stajner, Samo"]
[Result "1-0"]
[WhiteElo "2551"]
[BlackElo "2321"]
[PlyCount "57"]
[EventDate "2013.06.01"]
[EventType "team-tourn"]
[EventRounds "9"]
[EventCountry "GER"]
[Source "ChessBase"]
[SourceDate "2013.06.25"]
[WhiteTeam "Croatia"]
[BlackTeam "Slovenia"]
[WhiteTeamCountry "CRO"]
[BlackTeamCountry "SLO"]

1. Nf3 Nf6 2. c4 c6 3. Nc3 d5 4. e3 a6 5. d4 b5 6. b3 Bg4 7. Be2 e6 8. h3 Bh5
9. g4 Bb4 10. Bd2 Bg6 11. Ne5 Bd6 12. h4 dxc4 13. bxc4 bxc4 14. Bxc4 Qc7 15.
Nxg6 hxg6 16. g5 Nd5 17. Ne4 Nd7 18. Rc1 N7b6 19. Nxd6+ Qxd6 20. Bb3 a5 21. a4
e5 22. dxe5 Qxe5 23. Qf3 Rd8 24. Bc3 Qe7 25. Bxa5 O-O 26. O-O f6 27. Bxb6 fxg5
28. Bxd8 Qxd8 29. Qg2 1-0

[Event "Mitropa Cup 32nd"]
[Site "Meissen"]
[Date "2013.06.01"]
[Round "1.3"]
[White "Gallagher, Joseph G"]
[Black "Kislinsky, Alexey"]
[Result "1/2-1/2"]
[WhiteElo "2518"]
[BlackElo "2565"]
[PlyCount "109"]
[EventDate "2013.06.01"]
[EventType "team-tourn"]
[EventRounds "9"]
[EventCountry "GER"]
[Source "ChessBase"]
[SourceDate "2013.06.25"]
[WhiteTeam "Switzerland"]
[BlackTeam "Czechia"]
[WhiteTeamCountry "SUI"]
[BlackTeamCountry "CZE"]

1. e4 c5 2. Nf3 g6 3. d4 cxd4 4. Qxd4 Nf6 5. e5 Nc6 6. Qa4 Nd5 7. Qe4 Nc7 8.
Nc3 Bg7 9. Bf4 b5 10. O-O-O b4 11. Nd5 Ne6 12. Kb1 Rb8 13. h4 h6 14. Bg3 Bb7
15. Nd2 Ncd4 16. Nc4 Nf5 17. h5 O-O 18. Qg4 Bxd5 19. Rxd5 Ng5 20. Bh2 Rc8 21.
hxg6 fxg6 22. f4 Ne4 23. Qf3 e6 24. Qxe4 exd5 25. Qxd5+ Kh8 26. Bd3 Qh4 27.
Bxf5 gxf5 28. g3 Qh5 29. Bg1 Qe2 30. Bc5 Rg8 31. b3 Rc6 32. Bxb4 Rb8 33. Re1
Qf2 34. Ba5 Qxg3 35. Rf1 Qh3 36. Rh1 Qg4 37. Rf1 Qe2 38. Nd2 Rbc8 39. c4 Rg6
40. Bc3 Rg3 41. Qxd7 Rg8 42. Kc2 h5 43. Rh1 Qg4 44. Qe7 Rh3 45. Rxh3 Qxh3 46.
c5 Qg4 47. c6 h4 48. c7 h3 49. Nf3 Qxf4 50. Ng5 h2 51. Nf7+ Kh7 52. Ng5+ Kh8
53. Nf7+ Kh7 54. Ng5+ Kh8 55. Nf7+ 1/2-1/2

[Event "Mitropa Cup 32nd"]
[Site "Meissen"]
[Date "2013.06.01"]
[Round "1.3"]
[White "Krejci, Jan2"]
[Black "Studer, Noel"]
[Result "1-0"]
[WhiteElo "2503"]
[BlackElo "2343"]
[PlyCount "61"]
[EventDate "2013.06.01"]
[EventType "team-tourn"]
[EventRounds "9"]
[EventCountry "GER"]
[Source "ChessBase"]
[SourceDate "2013.06.25"]
[WhiteTeam "Czechia"]
[BlackTeam "Switzerland"]
[WhiteTeamCountry "CZE"]
[BlackTeamCountry "SUI"]

1. d4 Nf6 2. c4 e6 3. Nc3 Bb4 4. Qc2 O-O 5. e4 d5 6. e5 Ne4 7. a3 Bxc3+ 8. bxc3
c5 9. Bd3 cxd4 10. cxd4 Qa5+ 11. Kf1 Bd7 12. Ne2 Ba4 13. Qb2 f6 14. Bxe4 dxe4
15. exf6 Qa6 16. fxg7 Rf7 17. Be3 Nd7 18. c5 Bb5 19. Re1 Nf6 20. Kg1 Nd5 21.
Ng3 Bd3 22. h4 Rxg7 23. Bg5 Qa5 24. Bd2 Qa6 25. Nxe4 Bxe4 26. Rxe4 Qd3 27. Re5
Rf8 28. Bh6 Rf4 29. Qe2 Qxa3 30. Bxg7 Nc3 31. Qd2 1-0

[Event "Mitropa Cup 32nd"]
[Site "Meissen"]
[Date "2013.06.01"]
[Round "1.3"]
[White "Zilka, Stepan"]
[Black "Ekstroem, Roland"]
[Result "1/2-1/2"]
[WhiteElo "2532"]
[BlackElo "2420"]
[PlyCount "145"]
[EventDate "2013.06.01"]
[EventType "team-tourn"]
[EventRounds "9"]
[EventCountry "GER"]
[Source "ChessBase"]
[SourceDate "2013.06.25"]
[WhiteTeam "Czechia"]
[BlackTeam "Switzerland"]
[WhiteTeamCountry "CZE"]
[BlackTeamCountry "SUI"]

1. d4 Nf6 2. c4 d6 3. Nc3 e5 4. Nf3 Nbd7 5. e4 Be7 6. Be2 O-O 7. O-O c6 8. Qc2
a6 9. Rd1 Qc7 10. h3 b5 11. a3 Bb7 12. Be3 Rac8 13. Rac1 Qb8 14. b4 exd4 15.
Nxd4 g6 16. Nb3 bxc4 17. Bxc4 d5 18. Be2 c5 19. Nxd5 Bxd5 20. exd5 cxb4 21. Qa2
Rxc1 22. Bxc1 Ne4 23. Re1 Bh4 24. Be3 Nc3 25. Qd2 Nxe2+ 26. Qxe2 bxa3 27. Nc5
Qd6 28. Nxd7 Qxd7 29. Bc5 Rc8 30. Bxa3 Qxd5 31. g3 Bg5 32. Qxa6 Ra8 33. Bb2 h5
34. h4 Kh7 35. Qb6 Bh6 36. Qf6 Qf5 37. Qxf5 gxf5 38. Re7 Kg6 39. Rb7 Ra6 40.
Rb4 Re6 41. Kg2 Re4 42. Rb8 f6 43. Rb6 Bg7 44. Kf3 Rc4 45. Ke3 Re4+ 46. Kd3 Ra4
47. Bc1 Re4 48. Be3 Ra4 49. Rb8 Re4 50. Ra8 Rb4 51. Bc5 Re4 52. Ra7 Bh6 53. Ra6
Kf7 54. Bd4 Bg7 55. Ra5 Kg6 56. Kc4 Re8 57. Rc5 Rd8 58. Rc6 Rd7 59. Bc5 Rd2 60.
Ra6 Rd1 61. Rb6 Re1 62. Be3 Rd1 63. Bd4 Re1 64. f4 Kf7 65. Rb5 Kg6 66. Bc5 Rd1
67. Rb3 Kf7 68. Ba3 Rd7 69. Re3 Kg6 70. Kb5 Rc7 71. Bc5 Rc8 72. Kb6 Kf7 73.
Re7+ 1/2-1/2

[Event "Mitropa Cup 32nd"]
[Site "Meissen"]
[Date "2013.06.01"]
[Round "1.3"]
[White "Zueger, Beat"]
[Black "Rasik, Vitezslav"]
[Result "1/2-1/2"]
[WhiteElo "2397"]
[BlackElo "2483"]
[PlyCount "129"]
[EventDate "2013.06.01"]
[EventType "team-tourn"]
[EventRounds "9"]
[EventCountry "GER"]
[Source "ChessBase"]
[SourceDate "2013.06.25"]
[WhiteTeam "Switzerland"]
[BlackTeam "Czechia"]
[WhiteTeamCountry "SUI"]
[BlackTeamCountry "CZE"]

1. c4 g6 2. g3 Bg7 3. Bg2 d6 4. Nc3 Nf6 5. d4 O-O 6. e3 Nc6 7. Nge2 a6 8. O-O
Rb8 9. b3 Na5 10. Bd2 c5 11. Nd5 Nc6 12. Bc3 Bg4 13. f3 cxd4 14. exd4 Bd7 15.
Nxf6+ Bxf6 16. d5 Bxc3 17. Nxc3 Na5 18. Qd2 b5 19. cxb5 axb5 20. Rfe1 b4 21.
Ne4 Bf5 22. Nf2 Re8 23. g4 Bd7 24. f4 f5 25. g5 Qb6 26. Re3 Rbc8 27. Rae1 Qc5
28. Bf3 Bb5 29. Kg2 Rc7 30. h4 e5 31. dxe6 Bc6 32. Bxc6 Qxc6+ 33. Kg1 Qc5 34.
Rd3 Nb7 35. Rd4 Qc3 36. Re3 Qc1+ 37. Qxc1 Rxc1+ 38. Kg2 Rc2 39. Kf3 Rxa2 40.
Nd3 Nc5 41. Nxb4 Rb2 42. Rxd6 Rxe6 43. Rdxe6 Nxe6 44. Nc6 Nc5 45. b4 Ne4 46.
Rd3 Rh2 47. Rd8+ Kf7 48. Rd7+ Ke6 49. Rxh7 Rh3+ 50. Kg2 Rg3+ 51. Kh2 Rg4 52. b5
Rxf4 53. b6 Nd6 54. Nd8+ Kd5 55. b7 Rb4 56. Rd7 Rxh4+ 57. Kg3 Rb4 58. Nf7 Ke6
59. Rxd6+ Kxf7 60. Rd7+ Ke6 61. Rg7 Ke5 62. Re7+ Kd6 63. Rg7 Ke5 64. Re7+ Kd6
65. Rg7 1/2-1/2

[Event "Mitropa Cup 32nd"]
[Site "Meissen"]
[Date "2013.06.01"]
[Round "1.2"]
[White "Bluebaum, Matthias"]
[Black "Czebe, Attila"]
[Result "1-0"]
[WhiteElo "2521"]
[BlackElo "2488"]
[PlyCount "59"]
[EventDate "2013.06.01"]
[EventType "team-tourn"]
[EventRounds "9"]
[EventCountry "GER"]
[Source "ChessBase"]
[SourceDate "2013.06.25"]
[WhiteTeam "Germany"]
[BlackTeam "Hungary"]
[WhiteTeamCountry "GER"]
[BlackTeamCountry "HUN"]

1. d4 e6 2. c4 b6 3. e4 Bb7 4. Bd3 Nc6 5. Ne2 Nb4 6. Nbc3 Nxd3+ 7. Qxd3 d6 8.
O-O g6 9. d5 Bg7 10. f4 Ne7 11. Nd4 c5 12. dxc6 Nxc6 13. Be3 O-O 14. Rad1 Qe7
15. Ndb5 Rad8 16. Nxd6 e5 17. c5 Nd4 18. b4 Ba8 19. Bxd4 exd4 20. Ncb5 bxc5 21.
bxc5 Rb8 22. e5 f6 23. c6 Bxc6 24. Qc4+ Kh8 25. Qxc6 fxe5 26. fxe5 Bxe5 27. Qd5
Bf6 28. Rfe1 Qd7 29. Nxd4 Qa4 30. Ne6 1-0

[Event "Mitropa Cup 32nd"]
[Site "Meissen"]
[Date "2013.06.01"]
[Round "1.2"]
[White "Donchenko, Alexander"]
[Black "Juhasz, Kristof"]
[Result "1-0"]
[WhiteElo "2465"]
[BlackElo "2337"]
[PlyCount "41"]
[EventDate "2013.06.01"]
[EventType "team-tourn"]
[EventRounds "9"]
[EventCountry "GER"]
[Source "ChessBase"]
[SourceDate "2013.06.25"]
[WhiteTeam "Germany"]
[BlackTeam "Hungary"]
[WhiteTeamCountry "GER"]
[BlackTeamCountry "HUN"]

1. c4 Nf6 2. g3 g6 3. Bg2 Bg7 4. Nc3 O-O 5. d4 d6 6. Nf3 c6 7. O-O Qb6 8. Qc2
Na6 9. e4 e5 10. dxe5 dxe5 11. Nxe5 Qc5 12. Bf4 Nh5 13. Nd3 Qxc4 14. Be3 Be6
15. a3 Nf6 16. Rfd1 Rfd8 17. f3 Nd7 18. Nc1 Ne5 19. Bf1 Nxf3+ 20. Kh1 Rxd1 21.
Qxd1 1-0

[Event "Mitropa Cup 32nd"]
[Site "Meissen"]
[Date "2013.06.01"]
[Round "1.2"]
[White "Horvath, Adam"]
[Black "Fridman, Daniel"]
[Result "1/2-1/2"]
[WhiteElo "2532"]
[BlackElo "2629"]
[PlyCount "90"]
[EventDate "2013.06.01"]
[EventType "team-tourn"]
[EventRounds "9"]
[EventCountry "GER"]
[Source "ChessBase"]
[SourceDate "2013.06.25"]
[WhiteTeam "Hungary"]
[BlackTeam "Germany"]
[WhiteTeamCountry "HUN"]
[BlackTeamCountry "GER"]

1. e4 e6 2. d4 d5 3. Nc3 Nf6 4. Bg5 dxe4 5. Nxe4 Nbd7 6. Nf3 h6 7. Nxf6+ Nxf6
8. Bh4 c5 9. Bc4 cxd4 10. O-O Be7 11. Qe2 O-O 12. Rad1 Qb6 13. Nxd4 Qxb2 14.
Nf5 exf5 15. Qxe7 Be6 16. Rb1 Qe5 17. Rb5 Qe4 18. Bxe6 Qxe6 19. Bxf6 Qxf6 20.
Qxf6 gxf6 21. Rxb7 Rfc8 22. Rc1 Rc4 23. c3 a5 24. Rb5 Re8 25. Rxa5 Rxc3 26. Ra1
Rc2 27. g3 Ree2 28. Rxf5 Rxa2 29. Rxa2 Rxa2 30. Rxf6 Kg7 31. Rb6 Rc2 32. Kg2
Ra2 33. g4 Ra5 34. h4 h5 35. gxh5 Rxh5 36. Kg3 Ra5 37. Kg4 Ra4+ 38. f4 Ra1 39.
h5 Rg1+ 40. Kf5 Rh1 41. h6+ Rxh6 42. Rxh6 Kxh6 43. Kf6 Kh5 44. f5 Kg4 45. Kxf7
Kxf5 1/2-1/2